| 000 | 00532cam a2200169Ia 4500 | ||
|---|---|---|---|
| 020 | _a0395443458 | ||
| 040 | _cROB | ||
| 082 | _a652 BOS 1989 A106 Or. | ||
| 245 | 0 | 0 |
_aHoughton Mifflin information processing : _bkeyboarding, formatting, and applications mastery : complete course / |
| 250 | _a2nd ed | ||
| 260 |
_aBoston : _bHoughton Mifflin, _cc1989 |
||
| 300 |
_axxiv, 587 p. : _bcol. ill., forms ; _c23 x 29 cm |
||
| 650 | 0 | _aWord processing | |
| 650 | 0 | _aElectronic data processing | |
| 700 | 1 | 0 | _aChiri, Judith A |
| 942 | _cEK | ||
| 999 |
_c16775 _d16775 |
||